A case of foot and mouth (Record no. 74050)
[ view plain ]
| 000 -LEADER | |
|---|---|
| fixed length control field | 01169cab a2200205 4500 |
| 001 - CONTROL NUMBER | |
| control field | ABS67330 |
| 008 - FIXED-LENGTH DATA ELEMENTS--GENERAL INFORMATION | |
| fixed length control field | 040108n2003 000 0 eng u |
| 035 ## - SYSTEM CONTROL NUMBER | |
| System control number | (Sirsi) u124765 |
| 100 ## - MAIN ENTRY--PERSONAL NAME | |
| Personal name | Yule, I. |
| 245 #2 - TITLE STATEMENT | |
| Title | A case of foot and mouth |
| 260 ## - PUBLICATION, DISTRIBUTION, ETC. | |
| Date of publication, distribution, etc. | 2003 |
| 490 ## - SERIES STATEMENT | |
| Series statement | Building |
| Volume/sequential designation | 268(8308) 14 November 2003, 62(1) |
| 520 ## - SUMMARY, ETC. | |
| Summary, etc. | Advises parties involved in an adjudication dispute that, if they think an adjudicator has no right to decide a dispute, they should be careful what they say as they can lose the right to have the court overturn the result. It suggests parties should not submit to an adjudicator's jurisdictional decision,as they may not be able to appeal againstthe decision at a later date. This may be especially true in construction contracts. |
| 590 ## - LOCAL NOTE (RLIN) | |
| Local note | ABS |
| 650 ## - SUBJECT ADDED ENTRY--TOPICAL TERM | |
| Topical term or geographic name entry element | BUILT ENVIRONMENT-BUILDING CONTRACT FORMS |
| 650 ## - SUBJECT ADDED ENTRY--TOPICAL TERM | |
| Topical term or geographic name entry element | MANAGEMENT-DISPUTE AVOIDANCE, MANAGEMENT AND RESOLUTION-DISPUTE MANAGEMENT AND RESOLUTION-ALTERNATIVE DISPUTE RESOLUTION-ADJUDICATION |
| 650 ## - SUBJECT ADDED ENTRY--TOPICAL TERM | |
| Topical term or geographic name entry element | NORDOT ENGINEERING SERVICES LTD V SIEMANS PLC |
| 690 ## - LOCAL SUBJECT ADDED ENTRY--TOPICAL TERM (OCLC, RLIN) | |
| Topical term or geographic name as entry element | MANGEMENT-DISPUTE AVOIDANCE, MANAGEMENT AND RESOLUTION-DISPUTE MANAGEMENT AND RESOLUTION |
| 942 ## - ADDED ENTRY ELEMENTS (KOHA) | |
| Suppress in OPAC | 0 |
| Withdrawn status | Lost status | Source of classification or shelving scheme | Damaged status | Not for loan | Home library | Current library | Shelving location | Date acquired | Total Checkouts | Full call number | Barcode | Date last seen | Copy number | Price effective from | Koha item type |
|---|---|---|---|---|---|---|---|---|---|---|---|---|---|---|---|
| Dewey Decimal Classification | London | London | Journal article | 08/01/2004 | ABS67330 | 124765-1001 | 06/08/2019 | 1 | 06/08/2019 | Journal article |